Statistics for Most Guessed Cities in the Americas

Click here to take the quiz!

General Stats

  • This quiz has been taken 242 times
  • The average score is 19 of 24

Answer Stats

HintAnswer% Correct
93%Los Angeles
99%
97%New York City
99%
85%Chicago
93%
82%San Francisco
91%
78%Miami
90%
77%Washington D.C
88%
75%Houston
87%
75%Boston
86%
78%Dallas
85%
89%Mexico City
85%
85%Rio de Janeiro
83%
74%Seattle
83%
77%Buenos Aires
77%
75%Sao Paulo
76%
78%Toronto
76%
68%Bogota
74%
69%Lima
73%
66%Philadelphia
73%
61%Atlanta
71%
63%Montreal
69%
67%San Diego
69%
68%Vancouver
69%
63%Brasilia
62%
61%Caracas
59%

Score Distribution

Percentile by Number Answered

Percent of People with Each Score

Your Score History

You have not taken this quiz